[Event "World Championship"]
[Site "Elista RUS"]
[Date "2006.10.07"]
[Round "9"]
[White "Topalov, Veselin"]
[Black "Kramnik, Vladimir"]
[Result "1-0"]
[WhiteElo "2813"]
[BlackElo "2743"]
[EventDate "2006.09.23"]

1.d4 d5 2.c4 c6 3.Cf3 Cf6 4.e3 Ff5 5.Cc3 e6 6.Ch4 Fg6 7.Cxg6 hxg6 8.a3 
Cbd7 9.g3 Fe7 10.f4 dxc4 11.Fxc4 O-O 12.e4 b5 13.Fe2 b4 14.axb4 Fxb4 15.
Ff3 Db6 16.O-O e5 17.Fe3 Tad8 18.Ca4 Db8 19.Dc2 exf4 20.Fxf4 Db7 21.Tad1 
Tfe8 22.Fg5 Fe7 23.Rh1 Ch7 24.Fe3 Fg5 25.Fg1 Chf8 26.h4 Fe7 27.e5 Cb8 28.
Cc3 Fb4 29.Dg2 Dc8 30.Tc1 Fxc3 31.bxc3 Ce6 32.Fg4 Dc7 33.Tcd1 Cd7 34.Da2 
Cb6 35.Tf3 Cf8 36.Tdf1 Te7 37.Fe3 Ch7 38.Txf7 Cd5 39.T7f3 1-0

[Event "World Championship"]
[Site "Elista RUS"]
[Date "2006.10.08"]
[Round "10"]
[White "Kramnik, Vladimir"]
[Black "Topalov, Veselin"]
[Result "1-0"]
[WhiteElo "2743"]
[BlackElo "2813"]
[EventDate "2006.09.23"]

1.d4 Cf6 2.c4 e6 3.Cf3 d5 4.g3 Fb4+ 5.Fd2 Fe7 6.Fg2 O-O 7.O-O c6 8.Ff4 
Cbd7 9.Dc2 a5 10.Td1 Ch5 11.Fc1 b5 12.cxd5 cxd5 13.e4 dxe4 14.Dxe4 Tb8 15.
De2 Chf6 16.Ff4 Tb6 17.Ce5 Cd5 18.Fxd5 exd5 19.Cc3 Cf6 20.Cxb5 Fa6 21.a4 
Ce4 22.Tdc1 De8 23.Tc7 Fd8 24.Ta7 f6 25.Cd7 Tf7 26.Cxb6 Txa7 27.Cxd5 Td7 
28.Cdc3 Txd4 29.Te1 f5 30.Dc2 Tb4 31.Cd5 Txb5 32.axb5 Dxb5 33.Cc7 Dc4 34.
Dd1 Fxc7 35.Dd7 h6 36.Dxc7 Db4 37.Db8+ Dxb8 38.Fxb8 Cd2 39.Ta1 g5 40.f4 
Cb3 41.Ta3 Fc4 42.Fc7 g4 43.Fxa5 1-0

[Event "World Championship"]
[Site "Elista RUS"]
[Date "2006.10.10"]
[Round "11"]
[White "Topalov, Veselin"]
[Black "Kramnik, Vladimir"]
[Result "1/2-1/2"]
[WhiteElo "2813"]
[BlackElo "2743"]
[EventDate "2006.09.23"]

1.d4 d5 2.c4 c6 3.Cf3 Cf6 4.e3 Ff5 5.Cc3 e6 6.Ch4 Fg6 7.Cxg6 hxg6 8.Tb1 
Cbd7 9.c5 a5 10.a3 e5 11.b4 axb4 12.axb4 Dc7 13.f4 exf4 14.exf4 Fe7 15.Fe2
Cf8 16.O-O Ce6 17.g3 Dd7 18.Dd3 Ce4 19.Cxe4 dxe4 20.Dxe4 Dxd4+ 21.Dxd4 
Cxd4 22.Fc4 O-O 23.Rg2 Ta4 24.Td1 Td8 25.Fe3 Ff6 26.g4 Rf8 27.Ff2 Ce6 28.
Txd8+ Fxd8 29.f5 gxf5 30.gxf5 Cf4+ 31.Rf3 Ch5 32.Tb3 Fc7 33.h4 Cf6 34.Fd3 
Cd7 35.Fe4 Ce5+ 36.Rg2 Ta2 37.Fb1 Td2 38.Rf1 Cg4 39.Fg1 Fh2 40.Re1 Td5 41.
Ff2 Re7 42.h5 Cxf2 43.Rxf2 Rf6 44.Rf3 Td4 45.b5 Tc4 46.bxc6 bxc6 47.Tb6 
Txc5 48.Fe4 Rg5 49.Txc6 Ta5 50.Tb6 Ta3+ 51.Rg2 Fc7 52.Tb7 Tc3 53.Rf2 Rxh5 
54.Fd5 f6 55.Re2 Rg4 56.Fe4 Rf4 57.Fd3 Tc5 58.Tb4+ Rg3 59.Tc4 Te5+ 60.Te4 
Ta5 61.Te3+ Rg2 62.Fe4+ Rh2 63.Tb3 Ta2+ 64.Rd3 Ff4 65.Rc4 Te2 66.Rd5 
1/2-1/2

[Event "World Championship"]
[Site "Elista RUS"]
[Date "2006.10.12"]
[Round "12"]
[White "Kramnik, Vladimir"]
[Black "Topalov, Veselin"]
[Result "1/2-1/2"]
[WhiteElo "2743"]
[BlackElo "2813"]
[EventDate "2006.09.23"]

1.d4 d5 2.c4 c6 3.Cf3 Cf6 4.e3 Ff5 5.Cc3 e6 6.Ch4 Fg6 7.Cxg6 hxg6 8.g3 
Cbd7 9.Fd2 Fb4 10.Db3 Fxc3 11.Fxc3 Ce4 12.Fg2 Cxc3 13.Dxc3 f5 14.O-O De7 
15.cxd5 exd5 16.b4 Cf6 17.Tfc1 Ce4 18.Db2 O-O 19.b5 Tac8 20.bxc6 bxc6 21.
De2 g5 22.Tab1 Dd7 23.Tc2 Tf6 24.Tbc1 g4 25.Tb2 Th6 26.Da6 Tc7 27.Tb8+ Rh7
28.Da3 Tb7 29.Df8 Txb8 30.Dxb8 Df7 31.Dc8 Dh5 32.Rf1 Cd2+ 33.Re1 Cc4 34.
Ff1 Tf6 35.Fxc4 dxc4 36.Txc4 Dxh2 37.Re2 Dh1 38.Tc5 Db1 39.Da6 Db2+ 40.Rf1
Db1+ 41.Re2 Db2+ 42.Rf1 Th6 43.Dd3 g6 44.Db3 Th1+ 45.Rg2 Th2+ 46.Rxh2 
Dxf2+ 47.Rh1 Df1+ 1/2-1/2

[Event "WCh Playoffs"]
[Site "Elista RUS"]
[Date "2006.10.13"]
[Round "1"]
[White "Topalov, Veselin"]
[Black "Kramnik, Vladimir"]
[Result "1/2-1/2"]
[WhiteElo "2813"]
[BlackElo "2743"]
[EventDate "2006.10.13"]

1.d4 d5 2.c4 c6 3.Cf3 Cf6 4.Cc3 dxc4 5.a4 Ff5 6.e3 e6 7.Fxc4 Fb4 8.O-O 
Cbd7 9.De2 O-O 10.e4 Fg6 11.Fd3 Fh5 12.e5 Cd5 13.Cxd5 cxd5 14.De3 Te8 15.
Ce1 Tc8 16.f4 Fxe1 17.Txe1 Fg6 18.Ff1 Tc2 19.b3 Da5 20.Fb5 Td8 21.Te2 Tcc8
22.Fd2 Db6 23.Tf2 a6 24.Ff1 Tc6 25.b4 Tc2 26.b5 a5 27.Fc3 Txf2 28.Dxf2 Da7
29.Dd2 Ta8 30.Tc1 Cb6 31.Fb2 Cxa4 32.Fa3 h6 33.h3 Fe4 34.Rh2 Cb6 35.Fc5 a4
36.Ta1 Cc4 37.Fxc4 b6 38.De3 Tc8 39.Ff1 bxc5 40.dxc5 Dxc5 41.Dxc5 Txc5 42.
b6 Tc6 43.b7 Tb6 44.Fa6 d4 45.Txa4 Fxb7 46.Fxb7 Txb7 47.Txd4 1/2-1/2

[Event "WCh Playoffs"]
[Site "Elista RUS"]
[Date "2006.10.13"]
[Round "2"]
[White "Kramnik, Vladimir"]
[Black "Topalov, Veselin"]
[Result "1-0"]
[WhiteElo "2743"]
[BlackElo "2813"]
[EventDate "2006.10.13"]

1.d4 d5 2.c4 c6 3.Cf3 Cf6 4.Cc3 e6 5.e3 Cbd7 6.Dc2 Fd6 7.b3 O-O 8.Fe2 b6 
9.O-O Fb7 10.Fb2 Te8 11.Tad1 De7 12.Tfe1 Tac8 13.Fd3 e5 14.e4 dxc4 15.Fxc4
b5 16.Ff1 g6 17.Dd2 Tcd8 18.Dg5 a6 19.h3 exd4 20.Cxd4 De5 21.Dxe5 Cxe5 22.
Cc2 g5 23.Fc1 h6 24.Fe3 c5 25.f3 Ff8 26.Ff2 Fc8 27.Ce3 Fe6 28.Ced5 Fxd5 
29.exd5 Ced7 30.Txe8 Txe8 31.a4 b4 32.Ce4 Cxe4 33.fxe4 Cf6 34.d6 Cxe4 35.
d7 Td8 36.Fxa6 f5 37.a5 Fg7 38.Fc4+ Rf8 39.a6 Cxf2 40.Rxf2 Fd4+ 41.Txd4 
cxd4 42.a7 Re7 43.Fd5 Rxd7 44.a8=D Txa8 45.Fxa8 1-0

[Event "WCh Playoffs"]
[Site "Elista RUS"]
[Date "2006.10.13"]
[Round "3"]
[White "Topalov, Veselin"]
[Black "Kramnik, Vladimir"]
[Result "1-0"]
[WhiteElo "2813"]
[BlackElo "2743"]
[EventDate "2006.10.13"]

1.d4 d5 2.c4 c6 3.Cf3 Cf6 4.e3 Ff5 5.Cc3 e6 6.Ch4 Fg6 7.Fe2 Cbd7 8.O-O Fd6
9.g3 dxc4 10.Fxc4 Cb6 11.Fe2 O-O 12.Cxg6 hxg6 13.e4 e5 14.f4 exd4 15.Dxd4 
De7 16.Rg2 Fc5 17.Dd3 Tad8 18.Dc2 Fd4 19.e5 Cfd5 20.Tf3 Cxc3 21.bxc3 Fc5 
22.Fd2 Td7 23.Te1 Tfd8 24.Fd3 De6 25.Fc1 f5 26.De2 Rf8 27.Td1 De7 28.h4 
Td5 29.Dc2 Cc4 30.Th1 Ca3 31.De2 Dd7 32.Td1 b5 33.g4 fxg4 34.Tg3 Re7 35.f5
gxf5 36.Fg5+ Re8 37.e6 Dd6 38.Fxf5 Txd1 39.Fg6+ Rf8 40.e7+ Dxe7 41.Fxe7+ 
Fxe7 42.Fd3 Ta1 43.Db2 Td1 44.De2 Ta1 45.Dxg4 Txa2+ 46.Rh3 Ff6 47.De6 Td2 
48.Fg6 T2d7 49.Tf3 b4 50.h5 1-0

[Event "WCh Playoffs"]
[Site "Elista RUS"]
[Date "2006.10.13"]
[Round "4"]
[White "Kramnik, Vladimir"]
[Black "Topalov, Veselin"]
[Result "1-0"]
[WhiteElo "2743"]
[BlackElo "2813"]
[EventDate "2006.10.13"]

1.d4 d5 2.c4 c6 3.Cf3 Cf6 4.Cc3 e6 5.e3 Cbd7 6.Fd3 dxc4 7.Fxc4 b5 8.Fe2 
Fb7 9.O-O Fe7 10.e4 b4 11.e5 bxc3 12.exf6 Fxf6 13.bxc3 c5 14.dxc5 Cxc5 15.
Fb5+ Rf8 16.Dxd8+ Txd8 17.Fa3 Tc8 18.Cd4 Fe7 19.Tfd1 a6 20.Ff1 Ca4 21.Tab1
Fe4 22.Tb3 Fxa3 23.Txa3 Cc5 24.Cb3 Re7 25.Td4 Fg6 26.c4 Tc6 27.Cxc5 Txc5 
28.Txa6 Tb8 29.Td1 Tb2 30.Ta7+ Rf6 31.Ta1 Tf5 32.f3 Te5 33.Ta3 Tc2 34.Tb3 
Ta5 35.a4 Re7 36.Tb5 Ta7 37.a5 Rd6 38.a6 Rc7 39.c5 Tc3 40.Taa5 Tc1 41.Tb3 
Rc6 42.Tb6+ Rc7 43.Rf2 Tc2+ 44.Re3 Txc5 45.Tb7+ 1-0

[Event "10. Essent"]
[Site "Hoogeveen NED"]
[Date "2006.10.22"]
[Round "1"]
[White "Mamedyarov, Shakhriyar"]
[Black "Topalov, Veselin"]
[Result "1-0"]
[WhiteElo "2728"]
[BlackElo "2813"]
[EventDate "2006.10.22"]

1.d4 d5 2.c4 c6 3.Cc3 Cf6 4.e3 e6 5.Cf3 Cbd7 6.Fd3 dxc4 7.Fxc4 b5 8.Fd3 
Fb7 9.e4 b4 10.Ca4 c5 11.e5 Cd5 12.Cxc5 Cxc5 13.dxc5 Fxc5 14.O-O h6 15.Cd2
O-O 16.Ce4 Fd4 17.Cd6 Fc6 18.Fh7+ Rxh7 19.Dxd4 f6 20.Fd2 Dd7 21.Tac1 a5 
22.Dd3+ f5 23.Tc5 Ce7 24.Tfc1 Ta7 25.Fe3 Tfa8 26.De2 Ta6 27.h4 Dd8 28.Fg5 
hxg5 29.Dh5+ Rg8 30.Df7+ Rh7 31.Dh5+ Rg8 32.Df7+ Rh7 33.hxg5 Cg6 34.Txc6 
Dxg5 35.Tc8 Cf4 36.g3 Txc8 37.Txc8 Dg4 38.Dg8+ Rg6 39.De8+ Rh7 40.Dh8+ Rg6
41.Tc7 Dd1+ 42.Rh2 Dh5+ 43.Dxh5+ Cxh5 44.Te7 Tc6 45.Txe6+ Rh7 46.Cf7 Txe6 
47.Cg5+ 1-0

[Event "10. Essent"]
[Site "Hoogeveen NED"]
[Date "2006.10.23"]
[Round "2"]
[White "Polgar, Judit"]
[Black "Topalov, Veselin"]
[Result "1-0"]
[WhiteElo "2710"]
[BlackElo "2813"]
[EventDate "2006.10.22"]

1.e4 c5 2.Cf3 d6 3.d4 cxd4 4.Cxd4 Cf6 5.Cc3 a6 6.Fe3 e6 7.g4 h6 8.Fg2 g5 
9.De2 Cbd7 10.O-O-O Ce5 11.h3 Cfd7 12.f4 gxf4 13.Fxf4 b5 14.Thf1 Fb7 15.
Df2 Tc8 16.Cce2 Fg7 17.Cg3 Th7 18.Ch5 Fh8 19.Rb1 Cc5 20.Fg3 Cxe4 21.Fxe4 
Fxe4 22.Fh4 Dc7 23.Ff6 Fg6 24.Fxh8 Txh8 25.Cf6+ Rd8 26.h4 Dc5 27.h5 Fh7 
28.Dh4 Fxc2+ 29.Cxc2 Dxc2+ 30.Ra1 Tc4 31.Ce4+ Rc7 32.Cxd6 Tf4 33.De7+ Rb6 
34.Db7+ Ra5 35.Da7 b4 36.Tfe1 Cf3 37.Tc1 Cxe1 38.Txc2 Cxc2+ 39.Rb1 1-0

[Event "10. Essent"]
[Site "Hoogeveen NED"]
[Date "2006.10.24"]
[Round "3"]
[White "Topalov, Veselin"]
[Black "Sokolov, Ivan"]
[Result "1/2-1/2"]
[WhiteElo "2813"]
[BlackElo "2670"]
[EventDate "2006.10.22"]

1.d4 Cf6 2.c4 c6 3.Cf3 d5 4.Cc3 dxc4 5.a4 Ff5 6.e3 e6 7.Fxc4 Fb4 8.O-O 
Cbd7 9.De2 Fg4 10.Td1 Da5 11.e4 Dh5 12.Td3 e5 13.h3 Fxf3 14.Txf3 exd4 15.
g4 Dc5 16.Ca2 O-O 17.Tf5 De7 18.e5 d3 19.Fxd3 Cd5 20.Fg5 De6 21.Cxb4 Cxb4 
22.Fc4 Cd5 23.Td1 Tae8 24.Fxd5 cxd5 25.Db5 Cxe5 26.Dxd5 Dxd5 27.Txd5 f6 
28.Fe3 b6 29.g5 Rf7 30.gxf6 gxf6 31.Td6 Te6 32.Td1 Cc4 33.Td7+ Te7 34.
Txe7+ Rxe7 35.Th5 Tg8+ 36.Rf1 Cxe3+ 37.fxe3 Tg7 38.Rf2 Re6 39.Rf3 Tc7 40.
h4 f5 41.Th6+ Re5 42.h5 Tf7 43.b4 Rd5 44.Rf4 Rc4 45.b5 Rb4 46.Te6 Rxa4 47.
Te5 a5 48.bxa6 b5 49.Txf5 Ta7 50.Tf6 b4 51.e4 b3 52.Tb6 Ra3 53.e5 b2 54.e6
Ra2 55.Re5 b1=D 56.Txb1 Rxb1 57.Rf6 Txa6 58.Rf7 Ta2 59.e7 Tf2+ 60.Rg7 Te2 
61.Rf7 1/2-1/2

[Event "10. Essent"]
[Site "Hoogeveen NED"]
[Date "2006.10.26"]
[Round "4"]
[White "Topalov, Veselin"]
[Black "Mamedyarov, Shakhriyar"]
[Result "1-0"]
[WhiteElo "2813"]
[BlackElo "2728"]
[EventDate "2006.10.22"]

1.e4 e5 2.Cf3 Cc6 3.Fb5 a6 4.Fa4 Cf6 5.O-O Fe7 6.Te1 b5 7.Fb3 d6 8.c3 O-O 
9.h3 Cb8 10.d4 Cbd7 11.Cbd2 Fb7 12.Fc2 Te8 13.a4 Ff8 14.Fd3 c6 15.Tb1 Dc7 
16.Dc2 g6 17.axb5 axb5 18.dxe5 dxe5 19.Cb3 Teb8 20.c4 bxc4 21.Fxc4 Fa6 22.
Cbd2 Cc5 23.Fxa6 Txa6 24.Cc4 Cfd7 25.Td1 Ce6 26.Fe3 Taa8 27.Dd2 Td8 28.Dc3
c5 29.Cfxe5 Fg7 30.f4 g5 31.g3 gxf4 32.gxf4 Cxe5 33.Cxe5 Fxe5 34.fxe5 Rh8 
35.Ff2 De7 36.Df3 Tg8+ 37.Rh1 Tg6 38.Td5 Tag8 39.Tg1 Txg1+ 40.Fxg1 Tg6 41.
Rh2 Rg7 42.Fe3 c4 43.Td6 Dc7 44.h4 Da5 45.Td5 De1 46.Rh3 Rf8 47.Td7 Tg3+ 
48.Dxg3 Dh1+ 49.Rg4 Dxe4+ 50.Rh5 1-0

[Event "10. Essent"]
[Site "Hoogeveen NED"]
[Date "2006.10.27"]
[Round "5"]
[White "Sokolov, Ivan"]
[Black "Topalov, Veselin"]
[Result "0-1"]
[WhiteElo "2670"]
[BlackElo "2813"]
[EventDate "2006.10.22"]

1.d4 Cf6 2.Cf3 c5 3.d5 g6 4.Cc3 Fg7 5.e4 d6 6.Fb5+ Cfd7 7.a4 Ca6 8.O-O Cc7
9.Te1 Cxb5 10.axb5 O-O 11.Ff4 Cb6 12.e5 Ff5 13.h3 h6 14.De2 g5 15.Fg3 Dd7 
16.h4 f6 17.e6 De8 18.Ch2 Fg6 19.f4 Fh5 20.Dd3 gxf4 21.Fxf4 Dg6 22.Cf1 f5 
23.Rh2 Dg4 24.Dg3 Dxg3+ 25.Cxg3 Fe8 26.Cge2 Rh7 27.Fg3 Cc4 28.b3 Ce3 29.
Tac1 Tg8 30.Cd1 Cxd5 31.c4 Cb4 32.Ce3 a6 33.bxa6 Txa6 34.Cxf5 Ff6 35.Cf4 
Ta2 36.Cd5 Cxd5 37.cxd5 Fh5 38.Tf1 Td2 39.Ce3 Fd4 40.Cc4 Td3 41.Ff4 Txb3 
42.Cd2 Tb2 43.Tb1 Fg6 44.Txb2 Fxb2 45.Tf3 Tf8 46.Cc4 Fe4 47.Fxd6 Fxf3 0-1

[Event "10. Essent"]
[Site "Hoogeveen NED"]
[Date "2006.10.28"]
[Round "6"]
[White "Topalov, Veselin"]
[Black "Polgar, Judit"]
[Result "0-1"]
[WhiteElo "2813"]
[BlackElo "2710"]
[EventDate "2006.10.22"]

1.d4 Cf6 2.c4 e6 3.Cc3 Fb4 4.Dc2 O-O 5.a3 Fxc3+ 6.Dxc3 b6 7.Cf3 Fb7 8.e3 
c5 9.Fe2 cxd4 10.exd4 d5 11.b3 Cbd7 12.O-O dxc4 13.bxc4 Dc7 14.a4 Tac8 15.
Te1 Tfe8 16.Fb2 Cg4 17.g3 Cdf6 18.Cd2 h5 19.h3 Ch6 20.Ff3 Ted8 21.Te5 Cf5 
22.Fxb7 Dxb7 23.d5 h4 24.g4 Ce7 25.Ce4 Ce8 26.Te1 Cxd5 27.Df3 Txc4 28.Tg5 
De7 29.Fxg7 Cxg7 30.Txd5 Txd5 31.Cf6+ Rf8 32.Cxd5 Dd6 33.Cf6 Ce8 34.Da8 
De7 35.g5 Td4 36.Tc1 Td8 37.Df3 Td5 38.Rf1 Cxf6 39.gxf6 Dd8 40.Tc4 Tf5 41.
Da3+ Rg8 42.Tg4+ Rh7 43.Txh4+ Rg6 44.Tg4+ Rxf6 45.Dc3+ Re7 46.Td4 Td5 47.
Tc4 Rd7 48.h4 Db8 49.Df6 Tf5 50.Td4+ Rc6 51.Tc4+ Rb7 52.De7+ Ra6 53.Tc7 
Da8 54.Rg1 Tf4 55.f3 Txf3 56.Dg5 f5 0-1

[Event "Blindfold Rapid"]
[Site "Bilbao ESP"]
[Date "2006.12.07"]
[Round "1"]
[White "Topalov, Veselin"]
[Black "Polgar, Judit"]
[Result "1-0"]
[WhiteElo "2813"]
[BlackElo "2710"]
[EventDate "2006.12.07"]

1.e4 c5 2.Cf3 d6 3.d4 cxd4 4.Cxd4 Cf6 5.Cc3 e6 6.Fe3 Fe7 7.g4 h5 8.gxh5 
Txh5 9.h4 Cc6 10.Fe2 Te5 11.Cf3 Ta5 12.a3 d5 13.b4 Cxb4 14.axb4 Fxb4 15.
Fd2 dxe4 16.Cb5 Txa1 17.Dxa1 Fc5 18.Cg5 a6 19.De5 axb5 20.Dxc5 Ta1+ 21.Fd1
b6 22.Dxb5+ Fd7 23.Db2 Da8 24.O-O b5 25.Fb4 Ta2 26.De5 Dc6 27.h5 1-0

[Event "Blindfold Rapid"]
[Site "Bilbao ESP"]
[Date "2006.12.07"]
[Round "2"]
[White "Polgar, Judit"]
[Black "Topalov, Veselin"]
[Result "1/2-1/2"]
[WhiteElo "2710"]
[BlackElo "2813"]
[EventDate "2006.12.07"]

1.e4 c5 2.Cf3 Cc6 3.d4 cxd4 4.Cxd4 Cf6 5.Cc3 e5 6.Cdb5 d6 7.Fg5 a6 8.Ca3 
b5 9.Cd5 Fe7 10.Fxf6 Fxf6 11.c3 Fg5 12.Cc2 O-O 13.h4 Fh6 14.g3 Tb8 15.Fh3 
Fxh3 16.Txh3 a5 17.Cce3 Fxe3 18.Cxe3 Ce7 19.h5 f5 20.exf5 Cxf5 21.Dd5+ Rh8
22.Cxf5 Txf5 23.h6 Df6 24.hxg7+ Rxg7 25.O-O-O Txf2 26.Dxd6 Dg5+ 27.Rb1 
Dg6+ 28.Dxg6+ hxg6 29.Td7+ Rf6 30.Thh7 Te2 31.Td6+ Rf5 32.a3 g5 33.Ta6 b4 
34.axb4 axb4 35.Tf7+ Rg4 36.Ta4 Rxg3 37.Txb4 Txb4 38.cxb4 Te4 39.b5 Tb4 
40.Tb7 e4 41.b6 g4 42.Rc2 e3 43.Rd3 Tb3+ 44.Re2 Rh2 45.Th7+ Rg2 46.b7 g3 
47.Tg7 Rh2 48.Th7+ Rg1 49.Tg7 g2 50.Th7 Txb2+ 51.Rxe3 Tb6 52.Rd4 Rf2 53.
Tf7+ Re2 54.Tg7 Txb7 55.Txg2+ 1/2-1/2

[Event "Blindfold Rapid"]
[Site "Bilbao ESP"]
[Date "2006.12.08"]
[Round "3"]
[White "Topalov, Veselin"]
[Black "Polgar, Judit"]
[Result "1-0"]
[WhiteElo "2813"]
[BlackElo "2710"]
[EventDate "2006.12.07"]

1.e4 c5 2.Cf3 e6 3.d4 cxd4 4.Cxd4 Cc6 5.Cc3 Dc7 6.Fe3 a6 7.f3 Fb4 8.Cxc6 
Dxc6 9.Dd4 Fxc3+ 10.bxc3 f6 11.c4 b5 12.Tb1 Dc7 13.Dc5 Da5+ 14.Rf2 Ce7 15.
Fe2 Rf7 16.a4 d6 17.Dxd6 bxa4 18.Thd1 a3 19.Fc5 Te8 20.Fxa3 Ta7 21.Dc5 Dc7
22.Dxc7 Txc7 23.Fd6 Tc6 24.c5 Td8 25.Tb8 Re8 26.Ta1 e5 27.c3 Cg6 28.Fd1 
Fd7 29.Txd8+ Rxd8 30.Fa4 Tc8 31.Fxd7 Rxd7 32.Txa6 Cf4 33.Ta7+ Rc6 34.g3 
Cd3+ 35.Re3 Cb2 36.Txg7 Cc4+ 37.Rd3 Cb2+ 38.Rc2 Cc4 39.Txh7 Ta8 40.Rb3 
Cd2+ 41.Rb4 Tc8 42.Tf7 Cxf3 43.Txf6 Cd2 44.Fxe5+ Rb7 45.Tb6+ Ra7 46.Rb5 
1-0

[Event "Blindfold Rapid"]
[Site "Bilbao ESP"]
[Date "2006.12.08"]
[Round "4"]
[White "Polgar, Judit"]
[Black "Topalov, Veselin"]
[Result "1/2-1/2"]
[WhiteElo "2710"]
[BlackElo "2813"]
[EventDate "2006.12.07"]

1.e4 c5 2.Cf3 e6 3.d4 cxd4 4.Cxd4 d6 5.c4 a6 6.Cc3 Cf6 7.Fe2 Fe7 8.Fe3 O-O
9.g4 Cfd7 10.h4 b6 11.g5 Fb7 12.Dd2 Cc6 13.Tg1 Tc8 14.Cxc6 Fxc6 15.h5 b5 
16.cxb5 axb5 17.Cxb5 Fxe4 18.Cxd6 Tc2 19.Dd4 Fd5 20.Cf5 exf5 21.Dxd5 Fc5 
22.Td1 Fxe3 23.fxe3 Db8 24.Tg2 Ce5 25.Td2 Txb2 26.Txb2 Dxb2 27.Dd4 Db8 28.
h6 Td8 29.Dc3 Tc8 30.Dd4 Td8 31.Dc3 Tc8 32.Dd4 Td8 1/2-1/2

[Event "Blindfold Rapid"]
[Site "Bilbao ESP"]
[Date "2006.12.09"]
[Round "5"]
[White "Topalov, Veselin"]
[Black "Polgar, Judit"]
[Result "1/2-1/2"]
[WhiteElo "2813"]
[BlackElo "2710"]
[EventDate "2006.12.07"]

1.e4 c5 2.Cf3 d6 3.d4 cxd4 4.Cxd4 Cf6 5.Cc3 a6 6.Fe3 e5 7.Cb3 Fe6 8.Dd2 
Fe7 9.f4 exf4 10.Fxf4 O-O 11.O-O-O Ch5 12.Fe3 Cc6 13.Rb1 Cf6 14.Cd4 Cxd4 
15.Fxd4 Cd7 16.Fe3 Ff6 17.Cd5 Fe5 18.Fc4 b5 19.Fg5 Cf6 20.Fxf6 Fxf6 21.
Cxf6+ Dxf6 22.Fxe6 Dxe6 23.The1 Tad8 24.b3 Td7 25.Da5 Ta8 26.Td5 De8 27.
Dd2 Tad8 28.Da5 Ta8 29.g3 g6 30.Db6 De6 31.Td4 Dh3 32.Td2 h5 33.Dc6 Tdd8 
34.Ted1 Dg4 35.e5 d5 36.Txd5 Dxd1+ 37.Txd1 Txd1+ 38.Rb2 Tdd8 39.e6 fxe6 
40.Dxe6+ Rg7 41.De7+ Rh6 42.De3+ Rg7 43.De7+ Rh6 44.De3+ 1/2-1/2

[Event "Blindfold Rapid"]
[Site "Bilbao ESP"]
[Date "2006.12.09"]
[Round "6"]
[White "Polgar, Judit"]
[Black "Topalov, Veselin"]
[Result "1-0"]
[WhiteElo "2710"]
[BlackElo "2813"]
[EventDate "2006.12.07"]

1.e4 c5 2.Cf3 e6 3.d4 cxd4 4.Cxd4 a6 5.Fd3 Ce7 6.O-O Cec6 7.c3 Fe7 8.Fe3 
O-O 9.Cd2 d6 10.f4 Cd7 11.Tf3 g6 12.Tg3 Cxd4 13.cxd4 e5 14.Cf3 exd4 15.
Cxd4 Cc5 16.Cf5 d5 17.Fd4 Fxf5 18.exf5 Cxd3 19.Txd3 Ff6 20.fxg6 hxg6 21.
Db3 Te8 22.Tad1 b5 23.Dc3 Fxd4+ 24.Dxd4 Te6 25.Dxd5 De8 26.Dxa8 Dxa8 27.
Td8+ Dxd8 28.Txd8+ Rg7 29.Rf2 Te4 30.Rf3 Tc4 31.Td2 a5 32.Td5 Ta4 33.a3 b4
34.Td3 bxa3 35.bxa3 Tc4 36.g4 Rh6 37.h4 f5 38.Rg3 fxg4 39.Rxg4 a4 40.Td6 
Rg7 41.Ta6 Td4 42.Ta7+ Rf6 43.Ta5 Rg7 44.Rg5 Rf7 45.Ta7+ Rf8 46.Rxg6 Txf4 
47.Ta8+ Re7 48.h5 Tg4+ 49.Rf5 Tc4 50.h6 Tc5+ 51.Re4 1-0

[Event "Corus A"]
[Site "Wijk aan Zee NED"]
[Date "2007.01.13"]
[Round "1"]
[White "Topalov, Veselin"]
[Black "Motylev, Alexander"]
[Result "1/2-1/2"]
[WhiteElo "2783"]
[BlackElo "2647"]
[EventDate "2007.01.13"]

1.d4 d5 2.c4 c6 3.Cf3 Cf6 4.e3 Ff5 5.Cc3 e6 6.Ch4 Fg6 7.Db3 Dc7 8.Fd2 Ce4 
9.Cxg6 Cxd2 10.Rxd2 hxg6 11.Tc1 Db6 12.c5 Dxb3 13.axb3 Cd7 14.b4 a6 15.Ta1
Tb8 16.Rc2 Fe7 17.Fe2 f5 18.h3 Rf7 19.f3 e5 20.dxe5 Cxe5 21.f4 Cd7 22.Fd3 
Tbe8 23.Thf1 Ff6 24.Rd2 Te7 1/2-1/2

[Event "Corus A"]
[Site "Wijk aan Zee NED"]
[Date "2007.01.14"]
[Round "2"]
[White "Topalov, Veselin"]
[Black "Van Wely, Loek"]
[Result "1-0"]
[WhiteElo "2783"]
[BlackElo "2683"]
[EventDate "2007.01.13"]

1.e4 c5 2.Cf3 d6 3.d4 cxd4 4.Cxd4 Cf6 5.Cc3 a6 6.Fe3 e5 7.Cb3 Fe7 8.Dd2 
O-O 9.O-O-O b5 10.f3 Fe6 11.Cd5 Fxd5 12.exd5 Dc7 13.g4 Tc8 14.Rb1 b4 15.g5
Cfd7 16.h4 a5 17.Fh3 a4 18.Cc1 Ca6 19.h5 Tcb8 20.g6 Ff6 21.gxf7+ Rxf7 22.
Fe6+ Rf8 23.b3 Cdc5 24.Thg1 De7 25.Ff5 Rg8 26.Fxc5 Cxc5 27.Dh6 Rf8 28.Dxh7
Df7 29.Cd3 axb3 30.cxb3 Cxd3 31.Txd3 e4 32.Fe6 exd3 33.Fxf7 Txa2 34.Dg8+ 
Re7 35.Rxa2 1-0

[Event "Corus A"]
[Site "Wijk aan Zee NED"]
[Date "2007.01.15"]
[Round "3"]
[White "Karjakin, Sergey"]
[Black "Topalov, Veselin"]
[Result "1/2-1/2"]
[WhiteElo "2678"]
[BlackElo "2783"]
[EventDate "2007.01.13"]

1.e4 c5 2.Cf3 d6 3.d4 cxd4 4.Cxd4 Cf6 5.Cc3 a6 6.Fe3 e5 7.Cb3 Fe6 8.f3 h5 
9.Dd2 Cbd7 10.O-O-O Fe7 11.Rb1 Dc7 12.h3 b5 13.Fd3 h4 14.f4 Tc8 15.The1 g6
16.Df2 Db7 17.Ca5 Db8 18.f5 gxf5 19.exf5 Fc4 20.Cxc4 bxc4 21.Fe4 Cxe4 22.
Cxe4 Cf6 23.Df3 Dc7 24.Cc3 Tg8 25.Ff2 Th8 26.Cd5 Cxd5 27.Txd5 f6 28.Te4 
Tb8 29.Txh4 Txh4 30.Fxh4 Db7 31.b3 Rd7 32.Fe1 Dc6 33.h4 Tc8 34.Dd1 Tg8 35.
g3 Ff8 36.Ff2 Fh6 37.Fc5 Ff8 38.Ff2 Fh6 39.Tc5 Dg2 40.Fe1 cxb3 41.axb3 Fd2
42.Tc4 d5 43.Ta4 Fxe1 44.Dxe1 Txg3 45.Txa6 Dg1 46.Dxg1 Txg1+ 47.Rb2 Re7 
48.Te6+ Rf7 49.Td6 e4 50.Rc3 Tf1 51.Td7+ Rf8 52.Td8+ Rf7 53.Td7+ Rf8 54.
Td8+ 1/2-1/2

[Event "Corus A"]
[Site "Wijk aan Zee NED"]
[Date "2007.01.16"]
[Round "4"]
[White "Topalov, Veselin"]
[Black "Shirov, Alexei"]
[Result "1-0"]
[WhiteElo "2783"]
[BlackElo "2715"]
[EventDate "2007.01.13"]

1.d4 Cf6 2.c4 g6 3.Cc3 d5 4.cxd5 Cxd5 5.e4 Cxc3 6.bxc3 Fg7 7.Fc4 c5 8.Ce2 
Cc6 9.Fe3 O-O 10.O-O Fg4 11.f3 Ca5 12.Fd3 cxd4 13.cxd4 Fe6 14.d5 Fxa1 15.
Dxa1 f6 16.Dd4 Ff7 17.Fh6 Te8 18.Fb5 e5 19.Df2 Te7 20.f4 exf4 21.Dxf4 Db6+
22.Rh1 Fxd5 23.exd5 Dxb5 24.Dxf6 De8 25.Dd4 Td8 26.h3 Tf7 27.Txf7 Dxf7 28.
Dc3 b6 29.Cg3 Cb7 30.Ce4 De7 31.Cf6+ Rf7 32.Cxh7 Rg8 33.Cf6+ Rf7 34.Cg4 
Rg8 35.Dd2 Te8 36.Df4 Dd6 37.Df2 Dc5 38.Dg3 Dd4 39.Rh2 Cd8 40.Dd6 Ce6 41.
Fe3 1-0

[Event "Corus A"]
[Site "Wijk aan Zee NED"]
[Date "2007.01.18"]
[Round "5"]
[White "Tiviakov, Sergei"]
[Black "Topalov, Veselin"]
[Result "1/2-1/2"]
[WhiteElo "2667"]
[BlackElo "2783"]
[EventDate "2007.01.13"]

1.e4 e5 2.Cf3 Cc6 3.Fb5 Cf6 4.d3 Fc5 5.Fxc6 dxc6 6.Fe3 De7 7.Fxc5 Dxc5 8.
Cc3 O-O 9.Dd2 a5 10.O-O De7 11.Dg5 Te8 12.a4 h6 13.De3 b6 14.b3 Fg4 15.Cd2
Fe6 16.h3 Ch5 17.Ce2 Df6 18.f4 exf4 19.Cxf4 Cxf4 20.Dxf4 Dc3 21.Ta2 Te7 
22.Cf3 Td8 23.Dd2 Dc5+ 24.Df2 Dxf2+ 25.Rxf2 f5 26.exf5 Fxf5 27.Taa1 Tde8 
28.Tae1 c5 29.Txe7 Txe7 30.Cd2 Rf7 31.Cc4 Fc8 32.Ce3 Re8 33.h4 Fb7 34.g3 
Te6 35.Re2 Tg6 36.g4 Re7 37.Cf5+ Re6 38.Tf4 Re5 39.Re3 Tf6 40.h5 Tf7 41.
Ch4 Txf4 42.Cg6+ Re6 43.Rxf4 Fc6 44.Ch4 Rf6 45.Cf5 Fe8 46.Cg3 g5+ 47.hxg6 
Fxg6 48.Ce4+ Re6 49.Cc3 Fe8 50.Ce4 Fg6 51.Cc3 1/2-1/2

[Event "Corus A"]
[Site "Wijk aan Zee NED"]
[Date "2007.01.19"]
[Round "6"]
[White "Topalov, Veselin"]
[Black "Navara, David"]
[Result "1/2-1/2"]
[WhiteElo "2783"]
[BlackElo "2719"]
[EventDate "2007.01.13"]

1.Cf3 Cf6 2.c4 c5 3.d4 cxd4 4.Cxd4 e6 5.g3 Fb4+ 6.Cc3 Ce4 7.Dd3 Fxc3+ 8.
bxc3 Cc5 9.Df3 d6 10.Fg2 Cbd7 11.O-O Ce5 12.Df4 Fd7 13.Cb5 Fxb5 14.cxb5 
O-O 15.Td1 Tc8 16.Dd4 Dc7 17.f4 Cg4 18.c4 f5 19.h3 Cf6 20.Fb2 Cce4 21.De3 
Dxc4 22.Fxf6 gxf6 23.Fxe4 fxe4 24.Txd6 Dxb5 25.Tad1 Tc6 26.Rf2 Db6 27.Dxb6
axb6 28.Txc6 bxc6 29.Td6 Rf7 30.Txc6 h5 31.Txb6 Ta8 32.Tb4 Txa2 33.Txe4 
Ta3 34.Te3 Ta4 35.Rf3 f5 36.Tb3 Rf6 37.Tb8 Ta3+ 38.e3 Rg7 39.Te8 Ta6 40.
Tc8 Ta4 41.Tc6 Rf6 42.Tb6 Rf7 43.Tb8 Rg7 44.h4 Ta3 45.Te8 Ta6 46.Te7+ Rg6 
47.e4 Rf6 48.Th7 fxe4+ 49.Rxe4 Ta3 50.Th6+ Rf7 51.Txh5 Txg3 52.Th6 Th3 53.
h5 Rg7 54.Tg6+ Rf7 55.Tg5 Rf6 56.Tg6+ 1/2-1/2